Innovativeindia. Review of Science & Technology

Xehetasun bibliografikoak
Beste egile batzuk: Sharma L. K. (редактор), Sharma S.
Hizkuntza:ingelesa
Argitaratua: London, Medialand London, 2004
Saila:Zero is an old story
Gaiak:
Formatua: Liburua
KOHA link:https://koha.lib.tpu.ru/cgi-bin/koha/opac-detail.pl?biblionumber=75701

MARC

LEADER 00000nam0a2200000 4500
001 75701
005 20231031091017.0
010 |a 0953498107 
035 |a (RuTPU)RU\TPU\book\80770 
090 |a 75701 
100 |a 20050331d2004 k y0engy50 ba 
101 0 |a eng 
102 |a GB 
105 |a a z 000zy 
200 1 |a Innovativeindia. Review of Science & Technology  |f Под ред. L. K. Sharma, S. Sharma 
210 |a London  |c Medialand London  |d 2004 
215 |a 352 p.  |c ил. 
225 1 |a Zero is an old story 
610 1 |a наука 
610 1 |a техника 
610 1 |a технологии 
610 1 |a научные открытия 
610 1 |a Индия 
610 1 |a английский язык 
686 |a Ч214(5Ид)  |v LBC/SL-A  |2 rubbk 
702 1 |a Sharma  |b L. K.  |4 340 
702 1 |a Sharma  |b S.  |4 340 
801 1 |a RU  |b 63413507  |c 20050331  |g PSBO 
801 2 |a RU  |b 63413507  |c 20101116  |g PSBO 
942 |c BK